|
|
|
|
| LEADER |
00000nam#a22000001a#4500 |
| 001 |
00018904 |
| 003 |
AR-BaUAD |
| 005 |
20230908141547.0 |
| 008 |
952010s1982####gw#eo||##||||||||#||ger|d |
| 040 |
|
|
|a AR-BaUAD
|b spa
|c AR-BaUAD
|
| 041 |
|
|
|a ger
|
| 044 |
|
|
|c de
|2 ISO3166-1
|
| 100 |
1 |
|
|a Schwippert, Hans
|
| 245 |
1 |
0 |
|a Denken, Lehren, Bauen
|
| 260 |
|
|
|a Düsseldorf :
|b ECON,
|c 1982
|
| 300 |
|
|
|a 201 p. :
|b fot., planos, plantas, cortes
|
| 653 |
|
|
|a ARQUITECTOS
|
| 653 |
|
|
|a SCHWIPPERT, HANS
|
| 653 |
|
|
|a ALEMANIA
|
| 655 |
|
|
|a TEXTO
|
| 852 |
|
|
|c 135-2
|
| 952 |
|
|
|0 0
|1 0
|4 0
|6 1352
|7 0
|9 28863
|a AR-BaUAD
|b AR-BaUAD
|d 0000-00-00
|e donac. Emb. Alemana
|g 6.00
|i 18904
|l 0
|o 135-2
|p azj9h18904
|r 2023-09-08 14:15:47
|w 2023-09-08
|y BK
|
| 990 |
|
|
|a Ej. No1 : 18904 . 4/4/1986 -- donac. Emb. Alemana -- (6 australes).
|b ADM
|
| 990 |
|
|
|a AQ198
|b TD
|
| 990 |
|
|
|a AAQ00018904
|b CC
|
| 998 |
|
|
|a AAQ
|b Bibun 76
|
| 942 |
|
|
|c BK
|
| 999 |
|
|
|c 13206
|d 13206
|